000 00609nam a22001817a 4500
005 20251108165435.0
008 250721s9999 xx 000 0 ara d
082 1 4 _aم/016.813565/خ
100 1 _aالخريشة، خلف
_eمؤلف
245 1 0 _aفهرست القصة القصيره في الأردن 1968-1988 /
264 1 _aعمان :
_bعمادة البحث العلمي والدراسات العليا-جامعة اليرموك،
_c[19 - ].
300 _a410ص.
650 1 7 _aالقصص العربية
650 1 7 _aالأردن
650 1 7 _aالفهارس
942 _2ddc
_cREF
999 _c28001
_d28001